Online
Catalog

La gemarosa del amor / (Record no. 46643)

MARC details
000 -CABECERA
campo de control de longitud fija 00783nam a2200217 a 4500
001 - NÚMERO DE CONTROL
campo de control 000047155
005 - FECHA Y HORA DE LA ÚLTIMA TRANSACCIÓN
campo de control 20201002053413.0
008 - DATOS DE LONGITUD FIJA--INFORMACIÓN GENERAL
campo de control de longitud fija 180417s2016 dr 000 0 spa d
020 ## - NÚMERO INTERNACIONAL ESTÁNDAR DEL LIBRO
Número Internacional Estándar del Libro 9789945084757 (obra completa)
020 ## - NÚMERO INTERNACIONAL ESTÁNDAR DEL LIBRO
Número Internacional Estándar del Libro 9789945084788
040 ## - FUENTE DE LA CATALOGACIÓN
Centro catalogador/agencia de origen DO-SdBNP
Lengua de catalogación spa
Centro/agencia transcriptor BNPHU
082 ## - NÚMERO DE LA CLASIFICACIÓN DECIMAL DEWEY
Número de clasificación xxxx
Número de documento/Ítem xxxx
100 1# - ENTRADA PRINCIPAL--NOMBRE DE PERSONA
Nombre de persona Clemente y Esperanza
Forma completa/desarrollada del nombre Jesus Leyva Guerra
9 (RLIN) 74938
245 13 - MENCIÓN DE TÍTULO
Título La gemarosa del amor /
Mención de responsabilidad, etc. Clemente y Esperanza.
260 ## - PUBLICACIÓN, DISTRIBUCIÓN, ETC.
Lugar de publicación, distribución, etc. [Santo Domingo] :
Nombre del editor, distribuidor, etc. Y asociado JLG
-- Leyva, Jesús (Clemente y Esperanza),
Fecha de publicación, distribución, etc. 2016.
Lugar de fabricación/manufactura Miami
300 ## - DESCRIPCIÓN FÍSICA
Extensión 239 p. ;
Dimensiones 22 cm.
490 1# - MENCIÓN DE SERIE
Mención de serie El tesoro del amor del dorado amanecer ;
500 ## - NOTA GENERAL
Nota general ISBN tomado de la pagina de la Agencia de ISBN.
590 ## - NOTA LOCAL (RLIN)
Nota local Inventariado, 2018/ YL
830 #0 - PUNTO DE ACCESO ADICIONAL DE SERIE-TÍTULO UNIFORME
Título uniforme El tesoro del amor del dorado amanecer
9 (RLIN) 74939
Holdings
Estado de retiro Estado de pérdida No para préstamo Código de colección Localización permanente Ubicación/localización actual Ubicación en estantería Fecha de adquisición Número de inventario Total de préstamos Signatura topográfica completa Código de barras Fecha visto por última vez Número de copia Precio válido a partir de Tipo de ítem Koha Nota pública
    Excluido de préstamo Dominicana de Servicio General General En catalogación 17.04.2018 LF1   xxxx xxxx 47155-30 25.06.2020 e. 3 25.06.2020 Libro y Folleto Colección Dominicana de Servicio  
    Excluido de préstamo Patrimonio Dominicano Patrimonio Dominicano Patrimonio Dominicano En catalogación 17.04.2018 LF1   xxxx xxxx 47155-10 25.06.2020   25.06.2020 Libro y Folleto Colección Patrimonio Dominicano Autografiado por el autor
    Excluido de préstamo Patrimonio Dominicano Patrimonio Dominicano Patrimonio Dominicano En catalogación 17.04.2018 LF1   xxxx xxxx 47155-20 25.06.2020 e. 2 25.06.2020 Libro y Folleto Colección Patrimonio Dominicano  

Powered by Koha